MARC details
| 000 -LEADER |
| fixed length control field |
02728cam a22003855i 4500 |
| 001 - CONTROL NUMBER |
| control field |
17776176 |
| 003 - CONTROL NUMBER IDENTIFIER |
| control field |
EG-ScBUE |
| 005 - DATE AND TIME OF LATEST TRANSACTION |
| control field |
20230625120410.0 |
| 008 - FIXED-LENGTH DATA ELEMENTS--GENERAL INFORMATION |
| fixed length control field |
130613r20152014nyua f b f001 0 eng d |
| 020 ## - INTERNATIONAL STANDARD BOOK NUMBER |
| International Standard Book Number |
1107616883 |
| 020 ## - INTERNATIONAL STANDARD BOOK NUMBER |
| International Standard Book Number |
9781107616882 |
| 040 ## - CATALOGING SOURCE |
| Original cataloging agency |
DLC |
| Language of cataloging |
eng |
| Description conventions |
rda |
| Transcribing agency |
DLC |
| Modifying agency |
EG-ScBUE |
| 043 ## - GEOGRAPHIC AREA CODE |
| Geographic area code |
aw----- |
| -- |
ma----- |
| 082 04 - DEWEY DECIMAL CLASSIFICATION NUMBER |
| Classification number |
909.097492708312 |
| Edition number |
22 |
| Item number |
NEW |
| 245 04 - TITLE STATEMENT |
| Title |
The new Middle East : |
| Remainder of title |
protest and revolution in the Arab World / |
| Statement of responsibility, etc |
edited by Fawaz A. Gerges, Middle East Centre, London School of Economics and Political Science. |
| 250 ## - EDITION STATEMENT |
| Edition statement |
Reprinted edition. |
| 264 #1 - PUBLICATION, DISTRIBUTION, ETC. (IMPRINT) |
| Place of publication, distribution, etc |
New York : |
| Name of publisher, distributor, etc |
Cambridge University Press, |
| Date of publication, distribution, etc |
2015. |
| 300 ## - PHYSICAL DESCRIPTION |
| Extent |
xviii, 502 pages : |
| Other physical details |
illustrations ; |
| Dimensions |
23 cm |
| 336 ## - CONTENT TYPE |
| Source |
rdacontent |
| Content type term |
text |
| Content type code |
txt |
| 337 ## - MEDIA TYPE |
| Source |
rdamedia |
| Media type term |
unmediated |
| Media type code |
n |
| 338 ## - CARRIER TYPE |
| Source |
rdacarrier |
| Carrier type term |
volume |
| Carrier type code |
nc |
| 504 ## - BIBLIOGRAPHY, ETC. NOTE |
| Bibliography, etc |
Includes bibliographical references and index.<br/> |
| 520 ## - SUMMARY, ETC. |
| Summary, etc |
"The New Middle East is one of the first comprehensive books written by prominent scholars of the region and of comparative politics to critically examine the Arab popular uprisings of 2011-2012. While these uprisings prompted a number of cursory publications, this volume contains meticulous and thoughtful reflections on the causes, drivers and effects of these seminal events on the internal, regional and international politics of the Middle East and North Africa. Although specific conditions in individual countries that have experienced large-scale popular mobilizations are investigated, they are neither treated in isolation nor separated from broader developments in the region. Instead, the authors highlight connections between individual case studies and systemic conditions throughout the Arab arena. These include the crisis of political authority, the failure of economic development, and new genres of mobilization and activism, especially communication technology and youth movements. The careful analysis and reflection on the prospects for democratic change in the region ensures the book will have both an immediate and enduring appeal"-- |
| 650 #7 - SUBJECT ADDED ENTRY--TOPICAL TERM |
| Topical term or geographic name as entry element |
Arab Spring, 2010- |
| Source of heading or term |
BUEsh |
| 9 (RLIN) |
38992 |
| 651 #7 - SUBJECT ADDED ENTRY--GEOGRAPHIC NAME |
| Geographic name |
Protest movements |
| Geographic subdivision |
Middle East |
| General subdivision |
History |
| Chronological subdivision |
21st century. |
| Source of heading or term |
BUEsh |
| 651 #7 - SUBJECT ADDED ENTRY--GEOGRAPHIC NAME |
| Geographic name |
Protest movements |
| Geographic subdivision |
Arab countries |
| General subdivision |
History |
| Chronological subdivision |
21st century. |
| Source of heading or term |
BUEsh |
| 651 #7 - SUBJECT ADDED ENTRY--GEOGRAPHIC NAME |
| Geographic name |
Middle East |
| General subdivision |
Economic conditions |
| Chronological subdivision |
21st century. |
| Source of heading or term |
BUEsh |
| 651 #7 - SUBJECT ADDED ENTRY--GEOGRAPHIC NAME |
| Geographic name |
Arab countries |
| General subdivision |
Economic conditions |
| Chronological subdivision |
21st century. |
| Source of heading or term |
BUEsh |
| 9 (RLIN) |
36261 |
| 651 #7 - SUBJECT ADDED ENTRY--GEOGRAPHIC NAME |
| Geographic name |
Revolutions |
| General subdivision |
Middle East |
| -- |
History |
| Chronological subdivision |
21st century. |
| Source of heading or term |
BUEsh |
| 651 #7 - SUBJECT ADDED ENTRY--GEOGRAPHIC NAME |
| Geographic name |
Revolutions |
| Geographic subdivision |
Arab countries |
| General subdivision |
History |
| Chronological subdivision |
21st century. |
| Source of heading or term |
BUEsh |
| 653 ## - INDEX TERM--UNCONTROLLED |
| Resource For college |
BAEPS, Political Science |
| Arrived date list |
August2015 |
| -- |
January2016 |
| -- |
October2017 |
| 655 ## - INDEX TERM--GENRE/FORM |
| Form subdivision |
Text book |
| 700 1# - ADDED ENTRY--PERSONAL NAME |
| Personal name |
Gerges, Fawaz A., |
| Dates associated with a name |
1958- |
| Relator term |
editor. |
| 9 (RLIN) |
15527 |
| 942 ## - ADDED ENTRY ELEMENTS (KOHA) |
| Source of classification or shelving scheme |
Dewey Decimal Classification |
| Koha item type |
Book - Borrowing |